000 00405 a2200157 4500
999 _c12959
_d12959
003 OSt
005 20240802154613.0
008 240802b ||||| |||| 00| 0 eng d
020 _a9781911630494
082 _a 715.2
100 _aMeg Lowman
245 _aThe Arbornaut: A Life Discovering the Eighth Continent in the Trees Above Us
260 _bAllen & Unwin
_c2021
300 _a348p;
942 _2ddc